<The> Impact of Biofuels Production Development in the European Union
Analýza účinkov vývoja výroby biopalív v krajinách EÚ (Európskej únie). Biopalivá prvej generácie. Metodika na určenie efektov výroby biopalív s ohľadom na ceny zdrojov, oblasti distribúcie a zamestnanosti v EÚ. Výskum pomocou korelačnej analýzy - dvadsaťsedem členských štátov EÚ.
Uložené v:
| Hlavný autor: | |
|---|---|
| Ďalší autori: | , , , |
| Médium: | Kapitola |
| Jazyk: | English |
| Tagy: |
Žiadne tagy, Buďte prvý, kto otaguje tento záznam!
|
MARC
| LEADER | 00000naa a2200000 4500 | ||
|---|---|---|---|
| 001 | 0245505 | ||
| 005 | 20221104110250.9 | ||
| 041 | 0 | |a eng | |
| 044 | |a CZ | ||
| 245 | 1 | 0 | |a <The> Impact of Biofuels Production Development in the European Union |c Valdemaras Makutenas, Astrida Miceikiene, Tatiana Svetlanska, Natália Turčeková, Tadas Sauciunas |
| 520 | |a Analýza účinkov vývoja výroby biopalív v krajinách EÚ (Európskej únie). Biopalivá prvej generácie. Metodika na určenie efektov výroby biopalív s ohľadom na ceny zdrojov, oblasti distribúcie a zamestnanosti v EÚ. Výskum pomocou korelačnej analýzy - dvadsaťsedem členských štátov EÚ. | ||
| 100 | 1 | |a Makutenas, Valdemaras | |
| 700 | 1 | |a Miceikiene, Astrida | |
| 700 | 1 | |a Svetlanska, Tatiana | |
| 700 | 1 | |a Turčeková, Natália | |
| 700 | 1 | |a Sauciunas, Tadas | |